Statistiken für Schweizerpsalm Quiz

Klicken Sie hier um das Quiz zu spielen!

Allgemein

  • Dieses Quiz wurde 499 mal gespielt
  • Das Durchschnittsergebnis liegt bei 20 aus 32

Antwortstatistiken

Lyrics % Korrekt
ich
82%
du
80%
der
77%
im
73%
Dich,
70%
dich
70%
Schweizer,
69%
Morgenrot
68%
daher,
68%
Strahlenmeer,
67%
Seh‘
67%
Trittst
64%
Gott
64%
Gott,
64%
Vaterland.
63%
Vaterland,
63%
betet!
61%
Betet,
61%
Wenn
60%
freie
59%
sich
59%
hocherhabener,
58%
Herrlicher!
57%
rötet,
56%
Alpenfirn
53%
Seele
51%
fromme
51%
den
48%
ahnt
48%
hehren
47%
Eure
47%
Herrn,
42%

Verteilung der Resultate

Perzentil nach korrekt beantworteten Fragen

Anzahl Personen mit jedem Resultat

Ihre Resultats-Entwicklung

Sie haben dieses Quiz noch nicht gespielt